00241nam a2200097Ia 4500008004100000100002100041245003900062260002100101260000900122546001200131170619s9999 xx 000 0 und d aGardiner- M Dena 4aThe principle of excercise therapy bNew Delhi: C B S c2005 aENGLISH